000 00545nam a2200193 4500
999 _c80548
_d80548
008 210111b ||||| |||| 00| 0 eng d
040 _aSTAFF
_bger
_cSTAFF
_erda
041 _ager
100 _aGahlbeck, Christian:
245 _aFürstenwalde /
_cChristian Cahlbeck
490 _aResidenzforschung
650 _aResidenzstadt
651 _aFürstenwalde
773 _dOstfildern: Thorbecke, 2018
_gS. 172-176
_tResidenzstädte im alten Reich 1300-1800
942 _cA